=LDR 00000nam 2200000 4500 =001 INLIS000000000026163 =005 20130612124624 =008 ***********************************Ind** =035 ##$$0010-061300000026163 =041 ##$$a Ind =082 ##$$a 2x3.43 =090 ##$$a 2x3.43, Rah k =100 ##$$a Rahimsyah, MB =245 ##$$a Kumpulan mukjizat rasulullah, MB Rahimsyah =260 ##$$a 2003 $b Surabaya =300 ##$$a 128 hlm, ilus, 21 cm =650 ##$$a Nabi dan Rasul =850 ##$$a NBPNMAT